00578nam a22002177a 4500003000500000005001700005008004100022010001000063011001000073035001000083040000900093082001800102100002100120245005200141260003800193300003000231490002600261650001500287700003200302830002600334CHAP20220329135106.0971013s1973 r 00010 d a30788 a31760 a35872 cCHAP a581.55724bM300aMarks, Gerald S. aEctomycorrhizaeb: their ecology and physiology aNew York :bAcademic Press,c1973 a444 p.b: ilus. ; gráfs aPhysiological ecology14aMicorriza.0 aKoslowski, Theodore Thomas.0 aPhysiological ecology